| Tag |
First Indicator |
Second Indicator |
Subfields |
| LEADER |
00000aam a2200000 a 4500 |
| 001 |
in00002014813 |
| 005 |
20151031155117.0 |
| 008 |
990929s1998 xr b 001 0 cze |
| 010 |
|
|
|a 99511637
|
| 019 |
|
|
|a 42604571
|
| 020 |
|
|
|a 8072150553
|
| 035 |
|
|
|a (OCoLC)ocm42726445
|
| 040 |
|
|
|a DLC
|c DLC
|d LGP
|d TXA
|d UtOrBLW
|
| 043 |
|
|
|a e-cs---
|
| 045 |
|
|
|a x4x5
|
| 049 |
|
|
|a TXAM
|
| 050 |
0 |
0 |
|a DB2218
|b .K87 1998
|
| 080 |
|
|
|a 316.72/.75
|
| 100 |
1 |
|
|a Kusák, Alexej.
|
| 245 |
1 |
0 |
|a Kultura a politika v Československu, 1945-1956 /
|c Alexej Kusák.
|
| 250 |
|
|
|a Vyd. 1.
|
| 264 |
|
1 |
|a Praha :
|b Torst,
|c 1998.
|
| 300 |
|
|
|a 663 pages ;
|c 20 cm.
|
| 336 |
|
|
|a text
|b txt
|2 rdacontent
|
| 337 |
|
|
|a unmediated
|b n
|2 rdamedia
|
| 338 |
|
|
|a volume
|b nc
|2 rdacarrier
|
| 504 |
|
|
|a Includes bibliographical references (pages 606-643) and index.
|
| 651 |
|
0 |
|a Czechoslovakia
|x Intellectual life
|y 1945-1992.
|
| 651 |
|
0 |
|a Czechoslovakia
|x Politics and government
|y 1945-1992.
|
| 650 |
0 |
4 |
|a kultura
|z Československo
|y r. 1945-1956.
|
| 651 |
|
4 |
|a Československo
|x kultura a společnost
|y r. 1945-1956.
|
| 651 |
|
4 |
|a Československo
|x kulturní politika
|y r. 1945-1956.
|
| 651 |
|
4 |
|a Československo
|x politika a vláda
|y r. 1945-1956.
|
| 948 |
|
|
|a cataloged
|b h
|c 2005/1/3
|d c
|e spoltoratski
|f 10:35:18 am
|
| 994 |
|
|
|a E0
|b TXA
|
| 999 |
|
|
|a MARS
|
| 999 |
f |
f |
|s 4fbb1927-9a2c-3a1b-9c9c-9cfcff99d1eb
|i 49f7eba8-c3b3-33f8-81ec-b80da76aee9f
|t 0
|
| 952 |
f |
f |
|p normal
|a Texas A&M University
|b College Station
|c Sterling C. Evans Library
|d Evans: Library Stacks
|t 0
|e DB2218 .K87 1998
|h Library of Congress classification
|i unmediated -- volume
|m A14831591251
|
| 998 |
f |
f |
|a DB2218 .K87 1998
|t 0
|l Evans: Library Stacks
|